[Event "Julian Mazur Memorial"]
[Site "Wellington Chess Club"]
[Date "2017.08.17"]
[Round "5.14"]
[White "Jacobsen-Grocott, Josiah"]
[Black "Wevers, Alexis"]
[Result "1-0"]
[WhiteElo "1238"]
[BlackElo "1654"]

1. e4 d5 2. exd5 Qxd5 3. Nc3 Qd8 4. Nf3 Bg4 5. h3 Bxf3 6. Qxf3 c6 7. Bc4 e6 8.
d3 Nf6 9. Bf4 Nbd7 10. O-O-O Be7 11. Ne4 O-O 12. Nd6 e5 13. Nxf7 Rxf7 14. Bxf7+
Kxf7 15. Bh2 Qa5 16. Kb1 Rf8 17. Rhe1 Kg8 18. Qf5 Re8 19. g4 g6 20. Qe6+ Kf8
21. Qb3 Qc5 22. Qxb7 Qxf2 23. Bg1 Qg2 24. Bxa7 Kg7 25. Rg1 Qd5 26. c4 Qd6 27.
d4 e4 28. g5 Nh5 29. d5 c5 30. Rg4 Nf4 31. Rxf4 Qxf4 32. Qxd7 Qf8 33. d6 Rd8
34. dxe7 1-0

[Event "Julian Mazur Memorial"]
[Site "Wellington Chess Club"]
[Date "2017.08.17"]
[Round "5.15"]
[White "Nagrecha, Prashant"]
[Black "Theodosiou, Andreas"]
[Result "0-1"]
[WhiteElo "899"]
[BlackElo "1493"]

1. e4 c5 2. d4 d5 3. Nc3 dxe4 4. Bb5+ Bd7 5. Nge2 Bxb5 6. Nxb5 Qa5+ 7. Nec3 a6
8. Na3 b5 9. O-O Qb6 10. Qg4 Nc6 11. Bd2 Nf6 12. Qf5 e6 13. dxc5 Bxc5 14. Qh3
Ne5 15. Bf4 Neg4 16. Nd1 O-O 17. g3 e5 18. Be3 Bxe3 19. Nxe3 Nxe3 20. fxe3
Qxe3+ 21. Rf2 Qd4 22. Kf1 Qxb2 23. Kg1 Qxa1+ 24. Rf1 Qd4+ 25. Kg2 Qd2+ 26. Rf2
Qc3 27. g4 Qxh3+ 28. Kxh3 Nd5 29. Nb1 e3 30. Rf5 f6 31. Kg2 Nf4+ 32. Kf3 e2 33.
Kf2 g6 34. Rxf4 exf4 35. Kxe2 Rad8 36. c3 Rfe8+ 37. Kf3 g5 38. Kg2 Rd3 39. Kf1
f3 0-1

[Event "Julian Mazur Memorial"]
[Site "Wellington Chess Club"]
[Date "2017.08.17"]
[Round "5.16"]
[White "Konakanchi, Karthik"]
[Black "De Briey, Aurian"]
[Result "1-0"]
[WhiteElo "1504"]
[BlackElo "1300"]

1. e4 c6 2. d4 d5 3. Nc3 dxe4 4. Nxe4 Bf5 5. Nc3 e6 6. a3 Nf6 7. Bg5 c5 8. d5
exd5 9. Bxf6 Qxf6 10. Nxd5 Qe5+ 11. Be2 Bxc2 12. Qxc2 Qxd5 13. Rd1 Qxg2 14. Bf3
Qg5 15. Bxb7 Be7 16. Qa4+ Kf8 17. Bxa8 Qe5+ 18. Ne2 f6 19. Qb3 g6 20. Rd5 Qc7
21. O-O Kg7 22. Re1 Na6 23. Bc6 Qxc6 24. Nf4 Re8 25. Re6 Qc7 26. Qa4 Qxf4 27.
Qxf4 g5 28. Qe3 Kf7 29. Rd7 Kg6 30. Rexe7 Rg8 31. Qd3+ Kh5 32. Rxh7+ Kg4 33.
Qe4# 1-0

[Event "Julian Mazur Memorial"]
[Site "Wellington Chess Club"]
[Date "2017.08.17"]
[Round "5.17"]
[White "Darr, Samuel"]
[Black "Proctor, Matthew"]
[Result "1-0"]
[WhiteElo "1444"]
[BlackElo "1478"]

1. e4 e5 2. Nf3 Nc6 3. Bc4 Bc5 4. d3 d6 5. Be3 Bxe3 6. fxe3 Nf6 7. Nc3 Na5 8.
Bd5 c6 9. Bb3 Nxb3 10. axb3 Bg4 11. d4 d5 12. dxe5 dxe4 13. Qxd8+ Rxd8 14. exf6
exf3 15. fxg7 Rg8 16. Ne4 fxg2 17. Nf6+ Ke7 18. Nxg8+ Rxg8 19. Rg1 Bh3 20. Rxa7
Rxg7 21. Rxb7+ Kf6 22. Rb6 Rg5 23. Rxc6+ Kg7 24. Rc4 Rf5 25. Rf4 Ra5 26. Kf2
Rd5 27. Rxg2+ Bxg2 28. Kxg2 Rd2+ 29. Rf2 1-0

[Event "Julian Mazur Memorial"]
[Site "Wellington Chess Club"]
[Date "2017.08.17"]
[Round "5.18"]
[White "He, Paul"]
[Black "Konakanchi, Pramodh"]
[Result "1-0"]
[WhiteElo "1051"]
[BlackElo "1106"]

1. e4 e5 2. Nf3 Nc6 3. Bb5 a6 4. Ba4 Nf6 5. Nc3 Bb4 6. O-O O-O 7. d3 h6 8. Bd2
d6 9. a3 Bxc3 10. Bxc3 Bg4 11. h3 Bh5 12. Qe2 Qd7 13. Qe3 b5 14. Bb3 Ra7 15.
Bd5 Nxd5 16. exd5 Bxf3 17. dxc6 Qxc6 18. Qxf3 Qxf3 19. gxf3 Rb7 20. d4 f6 21.
dxe5 fxe5 22. Kg2 Rf6 23. Kh2 Rxf3 24. Kg2 Rf5 25. Bd2 Rb6 26. f4 e4 27. Rae1
d5 28. Re3 Rc6 29. Rc3 Rg6+ 30. Kf2 c6 31. Rg3 Rd6 32. Rfg1 Rf7 33. Ke3 Re7 34.
Bc3 Rdd7 35. f5 Rf7 36. f6 g5 37. h4 d4+ 38. Bxd4 Rxd4 39. Kxd4 Rxf6 40. hxg5
Rd6+ 41. Ke5 Rg6 42. gxh6 Rxg3 43. Rxg3+ Kh7 44. Rh3 e3 45. Rxe3 Kxh6 46. Kd6
Kg6 47. Kxc6 a5 48. Kxb5 a4 49. Kxa4 Kf5 50. c4 Kf4 51. Re8 Kf5 52. c5 Kf6 53.
c6 Kf7 54. Re1 Kg6 55. c7 Kf7 56. c8=Q Kg6 57. Qf8 Kh7 58. Qf2 Kg6 59. Rg1+ Kh6
60. Qh2# 1-0

[Event "Julian Mazur Memorial"]
[Site "Wellington Chess Club"]
[Date "2017.08.24"]
[Round "6.01"]
[White "Croad, Nicolas"]
[Black "Timergazi, Layla"]
[Result "1-0"]
[WhiteElo "2393"]
[BlackElo "2158"]

1. d4 Nf6 2. c4 g6 3. Nc3 Bg7 4. e4 d6 5. h3 O-O 6. Nf3 Nc6 7. d5 Nb4 8. c5 a5
9. a3 Na6 10. Bxa6 Rxa6 11. Be3 e6 12. cxd6 cxd6 13. dxe6 fxe6 14. O-O Nh5 15.
Bg5 Qe8 16. Qd2 Bd7 17. Rac1 Qf7 18. Rfd1 b5 19. Ne2 e5 20. Rc7 Rc8 21. Rdc1
Rxc7 22. Rxc7 Nf6 23. Nxe5 dxe5 24. Bxf6 Rxf6 25. Rxd7 Qe6 26. Qd5 Qxd5 27.
Rxd5 Rb6 28. Rd8+ Kf7 29. Nc3 b4 30. Nd5 Rb7 31. Ra8 bxa3 32. bxa3 Rb1+ 33. Kh2
Rb2 34. Ra7+ Kf8 35. f3 Rb5 36. Nc7 Rb6 37. Rxa5 Bh6 38. Nd5 Bf4+ 39. Nxf4 exf4
40. Ra7 h6 41. a4 Rb2 42. a5 Re2 43. a6 Ra2 44. Ra8+ Kg7 45. a7 1-0

[Event "Julian Mazur Memorial"]
[Site "Wellington Chess Club"]
[Date "2017.08.24"]
[Round "6.02"]
[White "Ker, Anthony"]
[Black "Nyberg, Michael"]
[Result "1-0"]
[WhiteElo "2489"]
[BlackElo "2101"]

1. e4 e6 2. d4 d5 3. e5 c5 4. c3 Bd7 5. Nf3 Nc6 6. Be2 Qb6 7. a3 a5 8. b3 Nge7
9. Bb2 Nf5 10. O-O Be7 11. dxc5 Bxc5 12. Bd3 Bxf2+ 13. Rxf2 Ne3 14. Qe2 Ng4 15.
Nbd2 Nxf2 16. Qxf2 Qc7 17. c4 Ne7 18. Ng5 Rf8 19. Nxh7 Rh8 20. Qh4 Kd8 21. Rf1
Be8 22. cxd5 exd5 23. Rc1 Bc6 24. Bd4 Qd7 25. Qg3 Bb5 26. Qxg7 1-0

[Event "Julian Mazur Memorial"]
[Site "Wellington Chess Club"]
[Date "2017.08.24"]
[Round "6.03"]
[White "Dive, Russell"]
[Black "Winter, Ryan"]
[Result "1-0"]
[WhiteElo "2434"]
[BlackElo "1711"]

1. Nf3 Nf6 2. c4 e6 3. g3 d5 4. Bg2 Be7 5. O-O O-O 6. d4 b6 7. cxd5 exd5 8. Nc3
Be6 9. Qc2 c5 10. Rd1 Nc6 11. Bf4 Rc8 12. Rac1 a6 13. dxc5 bxc5 14. Ng5 g6 15.
Nxe6 fxe6 16. Bh3 Kf7 17. e4 Nd4 18. Qd3 Rc6 19. Be5 dxe4 20. Nxe4 Nf5 21. Ng5+
Kg8 22. Qc4 Qb6 23. Bxf5 gxf5 24. Qh4 Qb7 25. Qh6 Qa7 26. Nxh7 1-0

[Event "Julian Mazur Memorial"]
[Site "Wellington Chess Club"]
[Date "2017.08.24"]
[Round "6.04"]
[White "Forster, Bill"]
[Black "Sole, Michael"]
[Result "1-0"]
[WhiteElo "2093"]
[BlackElo "1727"]

1. d4 f5 2. Nc3 Nf6 3. Bg5 e6 4. f3 Bb4 5. e3 b6 6. Bd3 Bb7 7. Ne2 h6 8. Bh4
O-O 9. Qd2 d5 10. Nf4 Qe8 11. Bf2 Nbd7 12. a3 Bxc3 13. Qxc3 c5 14. Qd2 Rc8 15.
c3 a6 16. O-O g5 17. Ne2 Qg6 18. g4 h5 19. gxf5 exf5 20. Ng3 Nh7 21. Qc2 Ndf6
22. Nxf5 Qe8 23. Nd6 Qd7 24. Nxc8 Bxc8 25. Bg3 h4 26. Be5 g4 27. Bxh7+ Nxh7 28.
Qg6+ 1-0

[Event "Julian Mazur Memorial"]
[Site "Wellington Chess Club"]
[Date "2017.08.24"]
[Round "6.05"]
[White "Coghini, Phillip"]
[Black "Perry, Roger"]
[Result "0-1"]
[WhiteElo "1888"]
[BlackElo "2125"]

1. d4 Nf6 2. c4 g6 3. Nc3 d5 4. cxd5 Nxd5 5. e4 Nxc3 6. bxc3 Bg7 7. Nf3 c5 8.
Be3 Qa5 9. Qd2 Nc6 10. Rc1 cxd4 11. cxd4 Qxd2+ 12. Kxd2 O-O 13. Bb5 Na5 14. Ke2
a6 15. Bd3 e6 16. Rhd1 Nc6 17. a3 Rd8 18. Bb1 Bd7 19. Ba2 Rac8 20. h3 b5 21.
Rb1 Na5 22. Rdc1 Nc4 23. Bxc4 Rxc4 24. Rxc4 bxc4 25. Bd2 Bc6 26. Rc1 Bxe4 27.
Rxc4 Bd5 28. Rc7 Bf8 29. a4 Bd6 30. Rc1 Kg7 31. g3 Rb8 32. Ne5 Rb2 33. Kd3 Ra2
34. a5 Ra3+ 35. Ke2 Ra4 36. Bc3 f6 37. Nd3 Ra2+ 38. Ke3 Ra3 39. f4 h5 40. g4
hxg4 41. hxg4 f5 42. g5 Be4 43. Nc5 Bxc5 44. dxc5+ Kf7 45. Kd4 Bc6 46. Ke5 Ke7
47. Kd4 Ra4+ 48. Ke3 Re4+ 49. Kd3 Rxf4 50. Bf6+ Kd7 51. Rd1 Bd5 52. Be5 Ra4 53.
Ra1 Be4+ 54. Ke3 Rxa1 55. Bxa1 Kc6 56. Kd4 Bd5 57. Bc3 f4 58. Be1 f3 59. Bf2
Kb5 60. Be1 Bb3 61. Ke4 Bd5+ 62. Ke5 {Can't read the rest, Black won soon} 0-1

[Event "Julian Mazur Memorial"]
[Site "Wellington Chess Club"]
[Date "2017.08.24"]
[Round "6.06"]
[White "Sellen, Ian"]
[Black "Farrington, Lawrence"]
[Result "1-0"]
[WhiteElo "2056"]
[BlackElo "1838"]

1. c4 Nf6 2. Nc3 e5 3. g3 d5 4. cxd5 Nxd5 5. Bg2 Nb6 6. d3 Be7 7. Nf3 Nc6 8.
O-O O-O 9. a3 Be6 10. b4 a5 11. b5 Nd4 12. Rb1 f6 13. e3 Nxf3+ 14. Bxf3 Nd5 15.
Na4 c6 16. bxc6 bxc6 17. Qc2 Qe8 18. Nc5 Bf7 19. Bd2 Ra7 20. Bg4 Bd6 21. e4
Bxc5 22. Qxc5 Qe7 23. Rfc1 Qxc5 24. Rxc5 Ne7 25. Bxa5 h5 26. Bd1 Rc8 27. a4 Rd7
28. Bc2 Kf8 29. Bb6 Rb8 30. a5 Rdb7 31. Ba4 Be8 32. Rbc1 Rc8 33. R5c3 Bd7 34.
Bb3 Ra8 35. Bc4 Nc8 36. Bc5+ Ke8 37. a6 Rb2 38. R3c2 Rxc2 39. Rxc2 Na7 40. Kf1
Nb5 41. Ra2 Na7 42. h4 Bh3+ 43. Ke2 Nb5 44. Kd2 Bc8 45. a7 Kd7 46. Bf7 Kc7 47.
Bxh5 Kb7 48. Bg6 Nxa7 49. Bf8 Be6 50. Rb2+ Nb5 51. Bc5 Kc7 52. Ke3 Kd7 53. f4
exf4+ 54. Kxf4 Rh8 55. d4 Bc4 56. d5 cxd5 57. exd5 Nd6 58. Rd2 Ra8 59. Rd4 Bb3
60. Bh5 Ra5 61. Bxd6 Kxd6 62. Bf7 Ra7 63. Be6 Rc7 64. Rd2 g6 65. g4 Rc5 66. Rd4
Bxd5 67. Bf7 Kc6 68. Bxg6 Bb3 69. h5 Rc1 70. Bf5 Rf1+ 71. Kg3 Bd5 72. Rd2 Rf3+
73. Kh2 Rf1 74. Bd7+ Kd6 75. Bc8 Ke5 76. Kg3 Rf3+ 77. Kh4 Rf1 78. Rh2 Kf4 79.
h6 Rc1 80. Bf5 Rh1 81. Rxh1 Bxh1 82. h7 1-0

[Event "Julian Mazur Memorial"]
[Site "Wellington Chess Club"]
[Date "2017.08.24"]
[Round "6.07"]
[White "Jackson, Ross"]
[Black "Hall, Nathan"]
[Result "1-0"]
[WhiteElo "2020"]
[BlackElo "1200"]

1. d4 e6 2. Nf3 d5 3. c4 c5 4. e3 Nc6 5. Nc3 Nf6 6. Be2 a6 7. O-O Be7 8. Ne5
Qc7 9. Nxc6 bxc6 10. cxd5 cxd5 11. dxc5 Bxc5 12. Bd2 O-O 13. Rc1 Qb8 14. Nxd5
Nxd5 15. Rxc5 Qxb2 16. Rc2 Qb6 17. Qa1 Qd6 18. Qd4 e5 19. Qh4 Rb8 20. Rfc1 Bd7
21. Be1 Bb5 22. Bf3 Nb4 23. Bxb4 Qd8 24. Be7 {Can't read the rest. White won}
1-0

[Event "Julian Mazur Memorial"]
[Site "Wellington Chess Club"]
[Date "2017.08.24"]
[Round "6.08"]
[White "Benitez, Edgar"]
[Black "Rossiter, Philip"]
[Result "0-1"]
[WhiteElo "1850"]
[BlackElo "1978"]

1. d4 Nf6 2. c4 e6 3. Nc3 Bb4 4. Qc2 b6 5. Bg5 Bb7 6. Nf3 h6 7. Bd2 d5 8. e3
Nbd7 9. a3 Be7 10. cxd5 exd5 11. Bb5 O-O 12. O-O Rc8 13. Bd3 c5 14. Bf5 Ne4 15.
Qb1 Nxd2 16. Nxd2 Bf6 17. Nf3 a6 18. Rd1 g6 19. Bxd7 Qxd7 20. dxc5 bxc5 21.
Nxd5 Bxd5 22. e4 Bxe4 23. Rxd7 Bxb1 24. Rxb1 Rfd8 25. Rb7 c4 26. g3 Rd3 27. Ne1
Rb3 28. Rxb3 cxb3 29. Kf1 Kf8 30. Ke2 a5 31. h4 a4 32. Nd3 h5 33. Kd2 Rc2+ 34.
Ke3 Ke7 35. f4 Ke6 36. Ke4 Bg7 37. Ke3 Kd6 38. Rd1 Ke6 39. Rd2 Bd4+ 40. Ke2
Rxd2+ 41. Kxd2 Kd5 42. Ke2 Ke4 43. Kd2 Kf3 44. Ne5+ Kxg3 45. Nc4 Kxf4 46. Kd3
Bc5 47. Kc3 g5 48. hxg5 h4 49. Nd2 h3 50. Nf1 Kf3 51. Nd2+ Kg2 0-1

[Event "Julian Mazur Memorial"]
[Site "Wellington Chess Club"]
[Date "2017.08.24"]
[Round "6.09"]
[White "Mullan, Brett"]
[Black "Aldridge, Alan"]
[Result "0-1"]
[WhiteElo "1750"]
[BlackElo "1936"]

1. e4 e5 2. Nf3 Nc6 3. Bc4 Bc5 4. O-O Nf6 5. d3 h6 6. a3 d6 7. b4 Bb6 8. Nc3
Bg4 9. h3 Bh5 10. Be3 Nd4 11. Bxd4 Bxd4 12. Qd2 Bxf3 13. gxf3 Qd7 14. Kh2 Nh5
15. Rg1 Nf4 16. Rg3 Bxc3 17. Qxc3 Ne2 18. Qd2 Nxg3 19. fxg3 O-O-O 20. f4 f5 21.
Re1 exf4 22. gxf4 fxe4 23. dxe4 Qe7 24. Qe3 Kb8 25. Bb3 Rhf8 26. Qg3 Qf6 27.
Rf1 Rde8 28. Qf3 g5 29. f5 Qe5+ 30. Kg2 Qxe4 31. Qxe4 Rxe4 32. Be6 c6 33. Rf3
Kc7 34. c4 Rxe6 35. fxe6 Rxf3 36. Kxf3 d5 0-1

[Event "Julian Mazur Memorial"]
[Site "Wellington Chess Club"]
[Date "2017.08.24"]
[Round "6.10"]
[White "Barraza, Jesse"]
[Black "Chen, Wei Kai"]
[Result "0-1"]
[WhiteElo "1871"]
[BlackElo "1813"]

1. e4 e5 2. d4 exd4 3. Nf3 d5 4. Qxd4 Nf6 5. Bg5 Be7 6. Nc3 c5 7. Bb5+ Nc6 8.
Qe5 O-O 9. Bxc6 bxc6 10. O-O d4 11. Rad1 Bd6 12. Bxf6 gxf6 13. Qh5 dxc3 14. e5
fxe5 15. Ng5 Bf5 16. f4 Bg6 17. Qh6 exf4 18. Rf3 Qf6 19. Nxh7 Qh8 20. Nf6+ Qxf6
21. Rxd6 Qxd6 0-1

[Event "Julian Mazur Memorial"]
[Site "Wellington Chess Club"]
[Date "2017.08.24"]
[Round "6.11"]
[White "Stracy, Don"]
[Black "Thorpe, Richard"]
[Result "0-1"]
[WhiteElo "1731"]
[BlackElo "1632"]

1. e4 e5 2. Nf3 Nc6 3. Bb5 a6 4. Ba4 Nf6 5. O-O Bc5 6. c3 b5 7. Bc2 O-O 8. d4
exd4 9. cxd4 Be7 10. a3 d5 11. e5 Nd7 12. Nbd2 Re8 13. Re1 f6 14. Nf1 fxe5 15.
dxe5 Nc5 16. h3 d4 17. b4 Ne6 18. Be4 Bb7 19. Qc2 Qd7 20. Bxh7+ Kh8 21. Be4 a5
22. Bd2 axb4 23. axb4 Nxb4 24. Bxb4 Rxa1 25. Rxa1 Bxe4 26. Qxe4 Bxb4 27. Ra8 c5
28. Rxe8+ Qxe8 29. N1d2 c4 30. Qb1 Bxd2 31. Nxd2 Qc6 32. Ne4 d3 33. Nc3 Nf4 34.
f3 Qb6+ 35. Kh2 Qf2 36. Qa2 Qxa2 37. Nxa2 b4 38. e6 Nxe6 0-1

[Event "Julian Mazur Memorial"]
[Site "Wellington Chess Club"]
[Date "2017.08.24"]
[Round "6.12"]
[White "Stoeveken, Peter"]
[Black "Konakanchi, Karthik"]
[Result "1-0"]
[WhiteElo "1849"]
[BlackElo "1504"]

1. d4 d5 2. Nf3 Nf6 3. Bg5 Nbd7 4. Nc3 c6 5. e3 h6 6. Bh4 e6 7. Bd3 Be7 8. O-O
c5 9. Bb5 Qc7 10. Ne5 c4 11. Qf3 O-O 12. Bxd7 Bxd7 13. e4 g5 14. Bg3 Qb6 15.
Nxd7 Nxd7 16. Qh5 Qxb2 17. Ne2 Qxc2 18. exd5 Nf6 19. Qf3 g4 20. Qe3 Nxd5 21.
Qxh6 Qxe2 22. Be5 f6 23. Qg6+ Kh8 24. Rfe1 Qd3 25. Re4 fxe5 26. Qh5+ Kg7 27.
Rxg4+ Kf6 28. dxe5# 1-0

[Event "Julian Mazur Memorial"]
[Site "Wellington Chess Club"]
[Date "2017.08.24"]
[Round "6.13"]
[White "Forlong-Ford, Colwyn"]
[Black "Jacobsen-Grocott, Josiah"]
[Result "1-0"]
[WhiteElo "1739"]
[BlackElo "1238"]

1. e4 e5 2. Nf3 Nc6 3. Bb5 a6 4. Ba4 Nf6 5. d3 b5 6. Bb3 Be7 7. O-O Na5 8. Nxe5
Nxb3 9. axb3 O-O 10. Nc3 d6 11. Nc6 Qd7 12. Nxe7+ Qxe7 13. Bg5 c6 14. Qf3 Ra7
15. Bxf6 Qxf6 16. Qxf6 gxf6 17. Rfe1 Kh8 18. Re3 f5 19. Rf3 fxe4 20. Nxe4 d5
21. Nc5 Kg7 22. h3 Be6 23. Rxa6 Rxa6 24. Nxa6 Ra8 25. Nc5 Ra2 26. d4 Rxb2 27.
Nxe6+ fxe6 28. Rc3 Rb1+ 29. Kh2 Rd1 30. Rxc6 Rxd4 31. Rxe6 Rd2 32. Rb6 Rxc2 33.
Rxb5 d4 34. Rd5 Rd2 35. Kg3 Kf6 36. Kf3 Ke6 37. Ke4 Re2+ 38. Kd3 Rxf2 39. Rxd4
Rxg2 40. Rh4 Rg7 41. b4 Kd5 42. Rh5+ Kc6 43. Kc4 Rf7 44. b5+ Kb6 45. Rh6+ Kc7
46. b6+ Kb7 47. h4 Rf4+ 48. Kd5 Ka6 49. Kc6 Rb4 50. Kc7 Rc4+ 51. Rc6 1-0

[Event "Julian Mazur Memorial"]
[Site "Wellington Chess Club"]
[Date "2017.08.24"]
[Round "6.14"]
[White "Theodosiou, Andreas"]
[Black "Meravanage, Satwik"]
[Result "0-1"]
[WhiteElo "1493"]
[BlackElo "1524"]

1. d4 d5 2. c4 e6 3. cxd5 exd5 4. Nc3 Bb4 5. a3 Ba5 6. e3 c6 7. Nf3 Nf6 8. b4
Bc7 9. Bd3 Bg4 10. Bb2 Nbd7 11. Qe2 Qe7 12. e4 dxe4 13. Nxe4 Nd5 14. Ned2 Qxe2+
15. Bxe2 Nf4 16. Bf1 Nf6 17. g3 N4d5 18. Ne5 O-O-O 19. Nxg4 Nxg4 20. Bg2 Rhe8+
21. Be4 f5 22. f3 Ngf6 23. Kf2 fxe4 24. Rhe1 e3+ 25. Ke2 exd2+ 26. Kxd2 Rxe1
27. Rxe1 Re8 28. Rxe8+ Nxe8 29. Kd3 Nef6 30. Bc1 a5 31. f4 axb4 32. axb4 Nxb4+
33. Kc4 Nbd5 34. Kd3 b5 35. Bb2 Bb6 36. h3 h5 37. f5 c5 0-1

[Event "Julian Mazur Memorial"]
[Site "Wellington Chess Club"]
[Date "2017.08.24"]
[Round "6.15"]
[White "Wight, Joshua"]
[Black "Tagos, Bernardo"]
[Result "1-0"]
[WhiteElo "1609"]
[BlackElo "1427"]

1. e4 c6 2. Nc3 e6 3. d3 d5 4. g3 d4 5. Nce2 e5 6. f4 exf4 7. Bxf4 Bb4+ 8. Bd2
Bxd2+ 9. Qxd2 Ne7 10. Qb4 O-O 11. Qxd4 Qa5+ 12. Qc3 Qh5 13. Nf4 Qh6 14. Bg2 Na6
15. Nf3 Ng6 16. Qd2 Nc7 17. O-O-O Nb5 18. h4 Bg4 19. Rdf1 Nxf4 20. gxf4 Qe6 21.
Kb1 Bxf3 22. Rxf3 Nd4 23. Rg3 f5 24. Qc3 Rad8 25. Rg1 Rf7 26. Qd2 Rdd7 27. Bh3
Qe7 28. h5 fxe4 29. Bxd7 Nf3 30. Qe3 Nxg1 31. Rxg1 Qxd7 32. dxe4 Qe6 33. f5
Rxf5 34. h6 Rf7 35. Qxa7 Qxh6 36. Qb8+ Rf8 37. Qxb7 Qf6 38. a4 g6 39. a5 Qd8
40. a6 c5 41. Rh1 Rf7 42. Qb3 Kg7 43. Rxh7+ Kxh7 44. Qxf7+ Kh6 45. Qb3 Qa5 46.
Qa3 Qd8 47. Ka2 Qa8 48. a7 c4 49. c3 g5 50. e5 g4 51. e6 g3 52. e7 g2 53. e8=Q
Qxe8 54. a8=Q Qxa8 55. Qxa8 g1=Q 56. Qh8+ 1-0

[Event "Julian Mazur Memorial"]
[Site "Wellington Chess Club"]
[Date "2017.08.24"]
[Round "6.16"]
[White "Kibblewhite, Daniel"]
[Black "Darr, Samuel"]
[Result "0-1"]
[WhiteElo "1400"]
[BlackElo "1444"]

1. e4 e6 2. d4 d5 3. e5 c5 4. Nf3 Nc6 5. c3 Qb6 6. Nbd2 Bd7 7. Qb3 Nh6 8. Qxb6
axb6 9. Bb5 Nxe5 10. Bxd7+ Nxd7 11. O-O Bd6 12. Nb3 Nf5 13. Be3 O-O 14. g4 Nxe3
15. fxe3 e5 16. dxe5 Nxe5 17. Nxe5 Bxe5 18. e4 dxe4 19. Rfe1 Rfe8 20. Kg2 Bc7
21. Nd2 e3 22. Nc4 Re4 23. Nxe3 Rae8 24. Kf2 Bxh2 25. Nf1 Rxe1 26. Rxe1 Rxe1
27. Kxe1 Be5 28. Ne3 f6 29. Nd5 b5 30. b4 b6 31. Kd2 cxb4 32. cxb4 Bd4 33. Kd3
Bg1 34. Nc7 Kf7 35. Nxb5 Kg6 36. Ke4 Bf2 37. Nd6 Be1 38. Nc4 Bxb4 39. Nxb6 Kg5
40. Kf3 f5 41. gxf5 Kxf5 42. a4 g5 43. Nc4 g4+ 44. Kg3 h5 45. a5 Bc5 46. a6 Kg5
47. Ne5 Be3 48. Nc6 h4+ 49. Kg2 h3+ 50. Kh1 g3 51. a7 Bxa7 $2 (51... g2+ 52.
Kh2 Kh4 53. a8=Q g1=Q#) 52. Nxa7 Kf4 53. Nb5 g2+ $2 54. Kh2 Kf3 55. Nd4+ $2 (
55. Nd6 $1 $10) 55... Kf2 56. Nf3 Kxf3 57. Kg1 Ke2 58. Kh2 Kf2 0-1

[Event "Julian Mazur Memorial"]
[Site "Wellington Chess Club"]
[Date "2017.08.24"]
[Round "6.17"]
[White "Van der Anker, Juan"]
[Black "He, Caleb"]
[Result "0-1"]
[WhiteElo "1444"]
[BlackElo "1416"]

1. d4 Nf6 2. c4 g6 3. Nc3 Bg7 4. e3 O-O 5. Nf3 d6 6. Be2 Bf5 7. O-O c5 8. b3
cxd4 9. Nxd4 Bd7 10. Bf3 Nc6 11. Rb1 Nxd4 12. exd4 Rb8 13. Bb2 e6 14. Re1 Qb6
15. Ne4 Nxe4 16. Bxe4 Qa5 17. d5 exd5 18. Bxd5 Qxa2 19. Bxg7 Kxg7 20. Ra1 Qb2
21. Re2 Qf6 22. Rxa7 Ra8 23. Rxa8 Rxa8 24. Bxb7 Ra1 0-1

[Event "Julian Mazur Memorial"]
[Site "Wellington Chess Club"]
[Date "2017.08.24"]
[Round "6.18"]
[White "Bennett, Ezra"]
[Black "He, Paul"]
[Result "0-1"]
[WhiteElo "1452"]
[BlackElo "1051"]

1. d4 Nf6 2. Nf3 g6 3. Bf4 Bg7 4. h3 O-O 5. c4 c5 6. e3 Nc6 7. Nc3 cxd4 8. Nxd4
Qb6 9. Nxc6 bxc6 10. Qd2 d6 11. Na4 Qa6 12. Qb4 Bd7 13. c5 Nd5 14. Bxa6 Nxb4
15. cxd6 Nc2+ 16. Ke2 Nxa1 17. Rxa1 exd6 18. Bxd6 Rfe8 19. Rd1 Be6 20. a3 Bb3
21. Bb7 Bxd1+ 0-1

[Event "Julian Mazur Memorial"]
[Site "Wellington Chess Club"]
[Date "2017.08.24"]
[Round "6.19"]
[White "Asher, Bruce"]
[Black "Sknar, Andrew"]
[Result "0-1"]
[WhiteElo "1258"]
[BlackElo "1276"]

1. d4 d5 2. c4 c6 3. Nc3 Nf6 4. Nf3 Bf5 5. Bf4 e6 6. e3 Bd6 7. Bd3 Bxf4 8. Bxf5
Bxe3 9. Qe2 O-O 10. Bh3 Bh6 11. b3 Qa5 12. Qc2 Ne4 13. O-O Qxc3 14. Qe2 Re8 15.
Rad1 Qb4 16. Ne5 Nc3 17. Qh5 Rf8 18. Rd3 Nxa2 19. Rf3 Qe7 20. Ng4 Bg5 21. Re1
dxc4 22. bxc4 Na6 23. Re5 f6 24. Rxe6 Qf7 25. Nxf6+ gxf6 26. Qg4 Kh8 27. Qe4
Rae8 28. Bf5 c5 29. d5 Nc7 30. Rh3 h6 31. f4 Nxe6 32. fxg5 Nxg5 33. Rxh6+ Kg7
34. Qh4 Rh8 35. Bg6 Qxg6 36. Rxg6+ Kxg6 37. Qg3 a5 38. Qc7 a4 39. Qa5 Ra8 40.
d6 a3 41. Qxc5 Nc3 42. Qe3 a2 43. Qd3+ f5 44. Qxc3 a1=Q+ 45. Qxa1 Rxa1+ 46. Kf2
Ra3 47. d7 Rd8 0-1

[Event "Julian Mazur Memorial"]
[Site "Wellington Chess Club"]
[Date "2017.08.24"]
[Round "6.20"]
[White "Wevers, Alexis"]
[Black "Stannard, Bobby"]
[Result "1/2-1/2"]
[WhiteElo "1654"]
[BlackElo "1481"]

1. d4 d5 2. Bf4 g6 3. c4 e6 4. Nc3 Bg7 5. Nf3 Ne7 6. e3 c5 7. Bd3 Nbc6 8. Nb5
O-O 9. Qd2 a6 10. Nd6 cxd4 11. exd4 Nxd4 12. Nxd4 Bxd4 13. Bxg6 Bxf2+ 14. Kxf2
fxg6 15. Ke2 Nf5 16. c5 Nxd6 17. cxd6 Bd7 18. Rac1 Rc8 19. Qd4 Qf6 20. Be5 Bb5+
21. Kd1 Rxc1+ 22. Kxc1 Qg5+ 23. Kd1 Qxg2 24. Re1 Rf1 25. Qe3 Qf3+ 26. Qxf3 Rxf3
27. Bg3 Kf7 28. Kd2 d4 29. Rc1 Ke8 30. Rc7 Rf7 31. Rc8+ Kd7 32. Rc7+ Ke8 33.
Rc8+ Kd7 34. Rc7+ Ke8 35. Rc8+ Kd7 1/2-1/2

[Event "Julian Mazur Memorial"]
[Site "Wellington Chess Club"]
[Date "2017.08.24"]
[Round "6.21"]
[White "Zhao, Aiden"]
[Black "Nagrecha, Prashant"]
[Result "1-0"]
[WhiteElo "1279"]
[BlackElo "899"]

1. e4 e5 2. Nf3 Nc6 3. Bc4 Qe7 4. c3 f6 5. d4 a6 6. O-O b5 7. Bd5 g5 8. Bxc6
dxc6 9. Re1 Bg4 10. h3 Bxf3 11. Qxf3 Qf7 12. dxe5 fxe5 13. Bxg5 Qxf3 14. gxf3
h6 15. Bf6 Nxf6 16. Nd2 c5 17. Rad1 c4 18. b3 b4 19. Nxc4 Nd7 20. Rd3 O-O-O 21.
Na5 Rg8+ 22. Kf1 Rg6 23. Nc4 Bg7 {This is a very mysterious scoresheet} 1-0

[Event "Julian Mazur Memorial"]
[Site "Wellington Chess Club"]
[Date "2017.08.24"]
[Round "6.22"]
[White "De Briey, Aurian"]
[Black "Leask, Hamish"]
[Result "0-1"]
[WhiteElo "1300"]
[BlackElo "1570"]

1. d4 Nf6 2. c4 g6 3. Nc3 Bg7 4. e4 d6 5. Nf3 O-O 6. Be2 b6 7. O-O Bb7 8. Qc2
c5 9. Bf4 cxd4 10. Nxd4 Nxe4 11. Rad1 Nxc3 12. Qxc3 e5 13. Bxe5 Bxe5 14. Bf3
Bxf3 15. Qxf3 Nd7 16. Nc6 Qc7 17. Rfe1 Bxb2 18. Re2 Ne5 19. Qd5 Qxc6 20. Qxc6
Nxc6 21. Rxb2 Rfd8 22. Rbd2 Ne5 23. Rxd6 Rxd6 24. Rxd6 Nxc4 25. Rd7 b5 26. a4
Na3 27. Rd3 b4 28. Rb3 a5 29. Kf1 Re8 30. f3 Kg7 31. Kf2 f5 32. f4 Re4 33. Kf3
Nc4 34. Rd3 b3 35. Rd7+ Kf6 36. Rc7 b2 37. Rc6+ Re6 38. Rxc4 b1=Q 39. Rc5 Qd1+
40. Kg3 Re3+ 0-1

[Event "Julian Mazur Memorial"]
[Site "Wellington Chess Club"]
[Date "2017.08.31"]
[Round "7.01"]
[White "Croad, Nicolas"]
[Black "Forster, Bill"]
[Result "1-0"]
[WhiteElo "2393"]
[BlackElo "2093"]

1. d4 d5 2. c4 c6 3. Nf3 Nf6 4. e3 e6 5. b3 Ne4 6. Bd3 f5 7. O-O Nd7 8. Bb2 Bd6
9. Nc3 O-O 10. Rc1 g5 11. Ne2 Qf6 12. Nd2 Qh6 13. g3 Qh3 14. f3 Nxg3 15. Nxg3
Bxg3 16. Qe2 Bd6 17. Rf2 Nf6 18. Rg2 h6 19. a3 Bd7 20. b4 Rae8 21. Nb3 e5 22.
cxd5 Nxd5 23. Bc4 e4 24. f4 Kh7 25. Bxd5 cxd5 26. Nc5 Bc8 27. fxg5 Rg8 28. g6+
Rxg6 29. Rxg6 Kxg6 30. Kh1 Qf3+ 31. Qxf3 exf3 32. Rg1+ Kh5 33. Bc1 b6 (33... f4
$1 34. exf4 f2 35. Rf1 {and now} 35... Bh3 {is the move I missed} ) 34. Nd3 Ba6
35. Nf2 f4 36. Ng4 Rf8 37. Nf2 Re8 38. Ng4 Re6 39. exf4 Rg6 40. h3 Kh4 41. Be3
Be2 42. f5 Rg8 1-0